Loading...
| Mythology | 0 | 5 | 0 | 2 | 50 | 85 | 107.20 | 0 | 0 | 8.61 | 15.83 |
| Fine Arts - Other | 0 | 3 | 0 | 1 | 30 | 70 | 97.33 | 0 | 1 | 7.61 | 17.35 |
| Literature - British | 0 | 3 | 0 | 1 | 30 | 108 | 123.33 | 0 | 0 | 2.45 | 5.00 |
| Literature - American | 0 | 2 | 0 | 0 | 20 | 52 | 79.50 | 0 | 1 | 8.18 | 12.35 |
| Philosophy | 0 | 1 | 0 | 0 | 10 | 82 | 82.00 | 1 | 1 | 2.87 | 3.33 |
| History - European | 0 | 1 | 0 | 0 | 10 | 34 | 34.00 | 1 | 1 | 7.38 | 9.17 |
| History - World | 0 | 1 | 0 | 0 | 10 | 38 | 38.00 | 0 | 0 | 7.12 | 6.67 |
| Religion | 0 | 1 | 0 | 0 | 10 | 78 | 78.00 | 0 | 0 | 3.22 | 6.36 |
| Geography | 0 | 1 | 0 | 0 | 10 | 110 | 110.00 | 0 | 0 | 5.65 | 25.00 |
| Science - Biology | 0 | 1 | 1 | 1 | 5 | 106 | 106.00 | 0 | 0 | 0.36 | 3.64 |
| Literature - World | 0 | 1 | 1 | 0 | 5 | 128 | 128.00 | 0 | 0 | 0.00 | 0.83 |
| Fine Arts - Painting and Sculpture | 0 | 0 | 1 | 0 | -5 | 0.00 | 0 | 0 | 0.00 | 0.00 | |
| Literature - European | 0 | 0 | 1 | 0 | -5 | 0.00 | 0 | 0 | 0.00 | 0.00 | |
| History - American | 0 | 0 | 1 | 0 | -5 | 0.00 | 0 | 0 | 0.00 | 0.00 | |
| History - Other | 0 | 0 | 1 | 0 | -5 | 0.00 | 0 | 0 | 0.00 | 0.00 |